| 000 | 00738nam a2200265Ia 4500 | ||
|---|---|---|---|
| 001 | Para_4998 | ||
| 003 | CHAP | ||
| 008 | 220125s1934 xx 000 0 und d | ||
| 010 | _a203455 | ||
| 040 | _cCHAP | ||
| 090 | _aPA FOLLETO 2357 | ||
| 245 |
_aSpray residue removal from apples / _c M. H. Haller...[et.al.] |
||
| 260 |
_aCollege Park : _b University of Maryland |
||
| 300 | _ap. 121-36 | ||
| 440 |
_aMaryland Agr. Exp. Sta. Bull.; 368 _9169246 |
||
| 650 |
_aManzana _x Fumigación. _970771 |
||
| 700 |
_aHaller, M. H. _952362 |
||
| 901 | _aPA FOLLETO 2357 | ||
| 902 | _aA | ||
| 905 | _a0000001934 ck 0000000000 00 | ||
| 910 | _a1934 | ||
| 942 | _cPARA | ||
| 942 |
_cPARA _d1 |
||
| 999 |
_c203455 _d203455 |
||